[Event "2nd Grand Europe Open 2013"]
[Site "Golden Sands BUL"]
[Date "2013.06.16"]
[Round "7.10"]
[White "Solodovnichenko,Y"]
[Black "Sveshnikov,E"]
[Result "1-0"]
[WhiteElo "2565"]
[BlackElo "2512"]

1.e4 c5 2.Nf3 Nc6 3.Bb5 Nf6 4.Nc3 Qc7 5.d3 e6 6.O-O d6 7.e5 Ng4 8.Bxc6+ Qxc6
9.d4 h5 10.h3 Nh6 11.d5 exd5 12.Nxd5 Be6 13.c4 O-O-O 14.Bg5 Rd7 15.b4 b5
16.exd6 Bxd6 17.bxc5 Qxc5 18.Be3 Qa3 19.Qe2 bxc4 20.Nf4 Nf5 21.Nxe6 Nxe3
22.fxe3 fxe6 23.Qxc4+ Bc7 24.Qe4 Kb8 25.Rab1+ Bb6 26.Ne5 Rb7 27.Kh1 Qxa2
28.Nc6+ Ka8 29.Rxb6 axb6 30.Qe5 Rd7 31.Ra1 Qxa1+ 32.Qxa1+ Kb7 33.Qa4 Rd6
34.Nd4 Ra8 35.Qb4 Rad8 36.Qb5 g6 37.Qe5 Rd5 38.Qe4 e5 39.Nb5 Kb8 40.Nc3 Rc5
41.Na4 Rb5 42.Qxg6 h4 43.Nc3 Rb3 44.Qf6 Rc8 45.Qxe5+ Ka7 46.Nb5+ Ka6 47.Nc7+ Ka7
48.Kh2 Rf8 49.Qa1+ Kb7 50.Qa6+ Kxc7 51.Qc4+  1-0

[Event "17th Petr Izmailov"]
[Site "Tomsk RUS"]
[Date "2013.06.16"]
[Round "6.33"]
[White "Lysakov,A"]
[Black "Sinkin,B"]
[Result "1-0"]
[WhiteElo "2032"]
[BlackElo "1898"]

1.e4 c5 2.Nf3 Nc6 3.Bb5 g6 4.O-O Bg7 5.Nc3 a6 6.Bxc6 dxc6 7.d3 Nf6 8.Be3 b6
9.h3 O-O 10.Qd2 a5 11.Bh6 Qc7 12.Bxg7 Kxg7 13.e5 Nd5 14.Ne4 h6 15.a3 Qd7
16.Rfe1 Nc7 17.b4 axb4 18.axb4 Rxa1 19.Rxa1 cxb4 20.Qxb4 Nd5 21.Qb2 Qc7 22.c4 Nf4
23.d4 Be6 24.Qd2 g5 25.Rc1 Rd8 26.h4 f6 27.hxg5 hxg5 28.Qe3 Rf8 29.Ng3 Qd7
30.Ne4 Ng6 31.Qc3 Nf4 32.Re1 Bf5 33.exf6+ exf6 34.Ng3 Kg6 35.Qb4 Qd8 36.Nxf5 Kxf5
37.Qb1+ Kg4 38.Nh2+ Kh4 39.g3+  1-0

[Event "ch-FIN 2013"]
[Site "Mantta FIN"]
[Date "2013.06.17"]
[Round "8.5"]
[White "Jarvenpaa,J"]
[Black "Ebeling,D"]
[Result "0-1"]
[WhiteElo "2301"]
[BlackElo "2368"]

1.e4 c5 2.Nf3 Nc6 3.Bb5 Nf6 4.Nc3 Qc7 5.d3 e6 6.O-O a6 7.Bxc6 Qxc6 8.e5 Nd5
9.Ne4 b5 10.Bg5 Bb7 11.Re1 h6 12.Bh4 Nf4 13.Qd2 Ng6 14.Bg3 Be7 15.h4 h5 16.c4 bxc4
17.dxc4 O-O 18.Rad1 Rad8 19.Qa5 Ba8 20.Rd3 Rb8 21.Qd2 Qb6 22.Rb3 Qa7 23.Rxb8 Rxb8
24.b3 a5 25.Nfg5 a4 26.Qd1 Bxg5 27.Nxg5 Qb7 28.Ne4 axb3 29.axb3 Qxb3 30.Qxb3 Rxb3
31.Nxc5 Rb4 32.Nxd7 Bc6 33.Rd1 Rxc4 34.Nb6 Rb4 35.Nc8 Bd5 36.Rc1 Nxh4 37.Ne7+ Kh7
38.Rc7 Nf5 39.Nxf5 exf5 40.Rc5 Be6 41.f4 Kg6 42.Rc2 h4 43.Bxh4 Rxf4 44.Be1 Re4
45.Bc3 Kh5 46.Kf2 Rc4 47.Rc1 Kg4 48.Bd2 Rd4 49.Bc3 Rf4+ 50.Kg1 Rc4 51.Kf2 g6
52.Bd2 Rd4 53.Bc3 Rf4+ 54.Kg1 Ra4 55.Rc2 Rc4 56.Rc1 Bd5 57.Kf2 Rf4+ 58.Kg1 Ra4
59.Rf1 Rc4 60.Rc1 g5 61.Bd2 Rd4 62.Bc3 Rd3 63.Be1 Re3 64.Rd1 Bc6 65.Rd4+ f4
66.Kf2 Rg3 67.Rd6 Rxg2+ 68.Kf1 Rc2 69.e6 Bb5+ 70.Kg1 Re2 71.exf7 Rxe1+ 72.Kh2 Re2+
73.Kg1 Kg3 74.Rd1 Rg2+ 75.Kh1 Rh2+ 76.Kg1 Rh8 77.Rd5 Bc4 78.Rxg5+ Kf3 79.Rh5 Rf8
80.Rh6 Rxf7 81.Rh7 Kg4  0-1

[Event "8th Teplice Open 2013"]
[Site "Teplice CZE"]
[Date "2013.06.17"]
[Round "3.33"]
[White "Mamedjarova,T"]
[Black "Kaluzny,Ma"]
[Result "1/2-1/2"]
[WhiteElo "2249"]
[BlackElo "1958"]

1.e4 c5 2.Nf3 Nc6 3.Bb5 g6 4.O-O Bg7 5.c3 a6 6.Bc4 e6 7.d4 cxd4 8.cxd4 d5
9.exd5 exd5 10.Bb3 Bg4 11.Nc3 Nge7 12.Be3 O-O 13.h3 Bxf3 14.Qxf3 Nf5 15.Bxd5 Nfxd4
16.Bxd4 Nxd4 17.Qe4 Re8 18.Qd3 Rc8 19.Rad1 Rc7 20.Rfe1 Rce7 21.Rxe7 Rxe7
22.Qc4 b5 23.Qc5 Qe8 24.g3 Re1+ 25.Rxe1 Qxe1+ 26.Kg2 Qe8 27.Qb6 Nf5 28.Qxa6 b4
29.Ne4 Bxb2 30.Qb7 Qe7 31.Qc8+ Kg7 32.Qc4 Be5  1/2-1/2

[Event "8th Teplice Open 2013"]
[Site "Teplice CZE"]
[Date "2013.06.17"]
[Round "3.15"]
[White "Neiksans,A"]
[Black "Furman,Bo"]
[Result "1-0"]
[WhiteElo "2549"]
[BlackElo "2198"]

1.e4 c5 2.Nf3 Nc6 3.Bb5 g6 4.O-O Bg7 5.Re1 Nf6 6.e5 Nd5 7.Nc3 Nxc3 8.dxc3 O-O
9.Bg5 a6 10.Bxc6 bxc6 11.Qd2 Re8 12.Qf4 Bb7 13.Rad1 Qc7 14.Bh6 Rf8 15.Qh4 Rae8
16.Ng5 f6 17.Qc4+ e6 18.Bxg7 Kxg7 19.exf6+ Rxf6 20.Qxc5 Rf5 21.Qd4+ Kg8 22.Ne4 Re7
23.Nf6+ Kf7 24.Nxd7 c5 25.Ne5+ Kg7 26.Qe3 g5 27.c4 Ba8 28.b3 h6 29.f3 h5
30.Qc3 Kh7 31.Qd3 Kg7 32.Qc3 Kh7 33.h3 Rg7 34.Qd3 Kh6 35.Qd8  1-0

[Event "Alushta Summer-2013-3"]
[Site "Alushta UKR"]
[Date "2013.06.18"]
[Round "7"]
[White "Yandemirov,V"]
[Black "Iljin,T"]
[Result "1/2-1/2"]
[WhiteElo "2422"]
[BlackElo "2410"]

1.e4 c5 2.Nf3 Nc6 3.Bb5 e6 4.Bxc6 bxc6 5.b3 f6 6.Ba3 Nh6 7.d4 cxd4 8.Bxf8 Kxf8
9.Qxd4 e5 10.Qd2 Nf7 11.O-O d6  1/2-1/2

[Event "5th Lublin Union Mem GM"]
[Site "Lublin POL"]
[Date "2013.06.18"]
[Round "4.3"]
[White "Duda,J"]
[Black "Socko,M"]
[Result "1-0"]
[WhiteElo "2539"]
[BlackElo "2458"]

1.e4 c5 2.Nf3 Nc6 3.Bb5 e6 4.Bxc6 bxc6 5.b3 d5 6.Nc3 Nf6 7.e5 Nd7 8.d3 Be7
9.Bb2 Rb8 10.O-O O-O 11.Re1 Rb4 12.Ne2 f5 13.exf6 Bxf6 14.c3 Rb7 15.Nf4 Ne5
16.Nxe5 Bxe5 17.Rxe5 Rxf4 18.Qe2 Rbf7 19.f3 Qf6 20.Re1 Qg6 21.Bc1 R4f5 22.Rxf5 Rxf5
23.Be3 d4 24.cxd4 cxd4 25.Bxd4 c5 26.Be5 Bb7 27.Bg3 Bd5 28.Qe3 h5 29.Rf1 Bb7
30.Be5 h4 31.h3 Rg5 32.Rf2 Qf5 33.Bb8 a6 34.Kh2 Bc6 35.Bf4 Rg6 36.Rc2 Bb5
37.Rxc5 Qxd3 38.Qxd3 Bxd3 39.Bg5 e5 40.Rxe5 Rc6 41.Rd5 Bb1 42.Rd2 Rc5 43.Bxh4 Ra5
44.a4 Rc5 45.b4 Rc4 46.Rb2 Bc2 47.a5 Kf7 48.Bf2 Ba4 49.Bc5 Rc2 50.Rxc2 Bxc2
51.Kg3 Bd3 52.Kf4 Bf1 53.g4 Ke6 54.h4 g6 55.Kg5 Kf7 56.f4 Bd3 57.h5 gxh5
58.Kxh5 Be2 59.f5 Bd3 60.Kg5 Kg7 61.Kf4 Kh6 62.Bf8+ Kh7 63.g5 Kg8 64.Bc5 Kg7
65.Bd4+ Kh7 66.Ke5 Kg7 67.Ke6+ Kg8 68.g6 Bc4+ 69.Kf6  1-0

[Event "17th Petr Izmailov"]
[Site "Tomsk RUS"]
[Date "2013.06.19"]
[Round "9.21"]
[White "Lysakov,A"]
[Black "Petrukhina,I"]
[Result "1/2-1/2"]
[WhiteElo "2032"]
[BlackElo "2204"]

1.e4 c5 2.Nf3 Nc6 3.Bb5 g6 4.Nc3 Bg7 5.O-O e5 6.d3 Nge7 7.Bg5 O-O 8.a4 h6
9.Bd2 d6 10.Bc4 Kh7 11.Nd5 f5 12.h3 Nxd5 13.Bxd5 Qf6 14.a5 Ne7 15.Nh2 Nxd5
16.exd5 g5 17.b4 Bd7 18.bxc5 dxc5 19.Rb1 b5 20.axb6 axb6 21.c4 Qd6 22.Qb3 Rfb8
23.Bc3 b5 24.Qc2 b4 25.Bb2 Re8 26.Ra1 Rxa1 27.Rxa1 Re7 28.f3 Be8 29.Nf1 Bg6
30.Qa4 e4 31.Bxg7 Kxg7 32.fxe4 fxe4 33.dxe4 Bxe4 34.Qb5 Rf7 35.Nd2 Qf6 36.Rf1 Qd4+
37.Kh2 Qxd2 38.Rxf7+ Kg6 39.Rg7+ Kxg7 40.Qd7+ Kf8 41.Qd6+ Kf7 42.Qe6+ Kf8
43.Qf6+ Kg8 44.Qe6+ Kg7 45.Qe7+ Kg8 46.Qe6+ Kg7  1/2-1/2

[Event "13th IPCA World Championship"]
[Site "Velke Losiny CZE"]
[Date "2013.06.19"]
[Round "3.17"]
[White "Shchukina,Ekaterina"]
[Black "Tersinsev,Andrey"]
[Result "0-1"]
[WhiteElo "1512"]
[BlackElo "1939"]

1.e4 c5 2.Nf3 Nc6 3.Bb5 d6 4.Bxc6+ bxc6 5.c4 Bg4 6.d3 g6 7.Bd2 Bg7 8.Bc3 e5
9.h3 Be6 10.Bd2 Ne7 11.Nc3 O-O 12.O-O d5 13.b3 f5 14.Ng5 Bc8 15.Rc1 h6 16.Nf3 d4
17.Na4 Qd6 18.Qe1 fxe4 19.Qxe4 Bf5 20.Qe2 g5 21.Rfe1 Ng6 22.g4 Bd7 23.Qe4 Nf4
24.Bxf4 Rxf4 25.Qe2 Raf8 26.Nd2 Rxf2 27.Qxf2 Rxf2 28.Kxf2 e4 29.Nxe4 Qh2+
30.Kf1 Qxh3+ 31.Kf2 Bxg4 32.Naxc5 Qh2+ 33.Kf1 Bh3+  0-1

[Event "III Marcel Duchamp Boca Jun Op"]
[Site "Buenos Aires ARG"]
[Date "2013.06.20"]
[Round "1.28"]
[White "Sanseverino,Victoria"]
[Black "Benedetti,J"]
[Result "0-1"]
[WhiteElo "1738"]
[BlackElo "2200"]

1.e4 c5 2.Nf3 Nc6 3.Bb5 e6 4.d4 cxd4 5.Nxd4 Nf6 6.Nxc6 bxc6 7.Bd3 d5 8.e5 Nd7
9.f4 Qb6 10.Qe2 Nc5 11.Nd2 a5 12.Nf3 Rb8 13.c3 Be7 14.Rb1 Nxd3+ 15.Qxd3 Ba6
16.Qc2 O-O 17.Qf2 c5 18.b3 f6 19.Ba3 fxe5 20.Nxe5 Rbd8 21.b4 axb4 22.Rxb4 Qa5
23.Rb3 Qa4 24.Rg1 Rxf4  0-1

[Event "III Marcel Duchamp Boca Jun Op"]
[Site "Buenos Aires ARG"]
[Date "2013.06.20"]
[Round "1.38"]
[White "Alonso,Sergio"]
[Black "Calens,D"]
[Result "0-1"]
[WhiteElo "1526"]
[BlackElo "2112"]

1.e4 c5 2.Nf3 Nc6 3.Bb5 d6 4.O-O Bd7 5.Re1 Nf6 6.c3 a6 7.Bf1 Bg4 8.h3 Bh5
9.g3 e6 10.Bg2 Be7 11.d4 cxd4 12.cxd4 d5 13.e5 Ne4 14.Nc3 Nxc3 15.bxc3 O-O
16.Qd3 Rc8 17.Bd2 Na5 18.Nh2 Nc4 19.Bf4 Qa5 20.g4 Bg6 21.Qg3 Na3 22.Rac1 Nb5
23.h4 h6 24.h5 Bh7 25.g5 hxg5 26.Bxg5 Bxg5 27.Qxg5 Qd8 28.Qd2 Qh4 29.Bf3 Bf5
30.Re3 Na3 31.Ree1 Nc4 32.Qe2 f6 33.Ng4 Qg5 34.exf6 Nd2 35.fxg7 Nxf3+ 36.Qxf3 Kxg7
37.Kh2 Qxg4 38.Qxg4+ Bxg4  0-1

[Event "7th Srebrno Jezero Open 2013"]
[Site "Srebrno jezero SRB"]
[Date "2013.06.20"]
[Round "9.5"]
[White "Martinovic,Sl"]
[Black "Stojanovic,Andj"]
[Result "1/2-1/2"]
[WhiteElo "2417"]
[BlackElo "2286"]

1.e4 c5 2.Nf3 Nc6 3.Bb5 g6 4.Bxc6 dxc6 5.d3 Bg7 6.h3 e5 7.Be3 b6 8.O-O Ne7
9.Nh2 O-O 10.Nc3 Be6  1/2-1/2

[Event "8th Teplice Open 2013"]
[Site "Teplice CZE"]
[Date "2013.06.20"]
[Round "6.20"]
[White "Plat,V"]
[Black "Hrbolka,L sr"]
[Result "1/2-1/2"]
[WhiteElo "2445"]
[BlackElo "2133"]

1.e4 c5 2.Nf3 Nc6 3.Bb5 g6 4.c3 Nf6 5.Qe2 Bg7 6.O-O O-O 7.Na3 d6 8.Nc2 Qb6
9.Ne3 a6 10.Ba4 Bd7 11.Bc2 e5 12.a3 Nh5 13.Nd5 Qd8 14.d3 Ne7 15.Bb3 h6 16.Rd1 Nc6
17.Be3 b5 18.d4 cxd4 19.cxd4 Bg4 20.Rac1 Nxd4 21.Bxd4 exd4 22.h3 Bxf3 23.Qxf3 Ra7
24.Rc6 Be5 25.Rdc1 Kg7 26.Nc7 Qf6 27.Qg4 d3 28.Bxf7 Rxc7 29.Rxc7 Rxf7 30.Rxf7+ Qxf7
31.Qc8 d2 32.Rd1 Qf4 33.Qc7+ Kf6 34.Qd8+ Kf7 35.Qc7+ Kf6  1/2-1/2

[Event "8th Teplice Open 2013"]
[Site "Teplice CZE"]
[Date "2013.06.20"]
[Round "6.12"]
[White "Kantans,T"]
[Black "Simacek,P"]
[Result "1/2-1/2"]
[WhiteElo "2320"]
[BlackElo "2467"]

1.e4 c5 2.Nf3 Nc6 3.Bb5 g6 4.O-O Bg7 5.Re1 Nf6 6.c3 O-O 7.e5 Nd5 8.Bc4 Nb6
9.Bb3 d6 10.exd6 Qxd6 11.Bc2 Nd5 12.Na3 e5 13.Nc4 Qc7 14.Be4 Nde7 15.Qb3 Rb8
16.a4 b6 17.d3 Na5 18.Nxa5 bxa5 19.Qa2 Be6 20.c4 h6 21.Bd5 Bxd5 22.cxd5 Rfd8
23.Bd2 Nxd5 24.Qc4 Nb4 25.Re3 Rd7 26.Rae1 Kh7 27.h4 Qd8 28.Bxb4 Rxb4 29.Qxc5 Rxb2
30.h5 Rc7 31.hxg6+ fxg6 32.Qxa5 Rxf2 33.Kxf2 Rc2+ 34.Qd2 Rxd2+ 35.Nxd2 Qh4+
36.Kg1 e4 37.g3 Qd8 38.Rxe4 Qxd3 39.Nf1 h5 40.Kg2 a5 41.R1e2 Bf8 42.Nd2 Bb4
43.Nc4 Qd1 44.Nb2 Qb3 45.Re5 Bd6 46.R5e3 Qd5+ 47.Re4 Qg5 48.R2e3 Bc5 49.Re5 Bxe3
50.Rxg5 Bxg5 51.g4 Kh6 52.gxh5 Kxh5 53.Nc4 Bd8 54.Kf3 Bc7 55.Ne3 Kg5 56.Ke4 Bd6
57.Nc4 Bb4 58.Ne3 Be1 59.Nc4 Bb4 60.Ne3 Bc3 61.Kd3 Bf6 62.Ke4 Bd8 63.Nc4 Kg4
64.Ne5+ Kh5 65.Nc4 g5 66.Kf3 g4+ 67.Kg3 Kg5 68.Ne3 Bc7+ 69.Kg2 Be5 70.Nc4 Bc3
71.Kg3 Be1+ 72.Kg2 Kf4 73.Kf1 Bb4 74.Kg2 Bc3 75.Kf2 Bd4+ 76.Kg2 Bc3 77.Kf2 Kf5
78.Ne3+ Kg5 79.Nc4 Bb4 80.Kg3 Be1+ 81.Kg2 Kf5 82.Kf1 Bb4 83.Kg2 Kf4 84.Kf2  1/2-1/2

[Event "16th Heraklion Open A 2013"]
[Site "Athens GRE"]
[Date "2013.06.21"]
[Round "6.2"]
[White "Skaperdas,K"]
[Black "Nikolaou,G"]
[Result "1/2-1/2"]
[WhiteElo "2180"]
[BlackElo "2268"]

1.e4 c5 2.Nf3 Nc6 3.Bb5 g6 4.Bxc6 dxc6 5.d3 Bg7 6.h3 e5 7.Be3 b6 8.a4 h6
9.Na3 Be6 10.Qe2 Ne7 11.Nc4 Qc7 12.O-O O-O 13.Bd2 a5 14.Bc3 f6 15.Ne1 g5
16.g4 Ng6 17.Ng2 Nf4 18.Nxf4 gxf4 19.f3 Ra7 20.b3 h5 21.Kg2 Bh6 22.Be1 Qb8
23.Rh1 Rg7 24.Kf1 Qc7 25.Bf2 Bg5 26.Rh2 Rh7 27.Kg2 Kf7 28.Rah1 Rfh8 29.Qf1 Rg7
30.Qe2 Qd8 31.Kf1 Rgh7 32.Kg1 Rg7 33.Kf1 Rgh7 34.Kg1  1/2-1/2

[Event "III Marcel Duchamp Boca Jun Op"]
[Site "Buenos Aires ARG"]
[Date "2013.06.21"]
[Round "2.3"]
[White "Fiori,H"]
[Black "Alonso,S"]
[Result "0-1"]
[WhiteElo "2152"]
[BlackElo "2506"]

1.e4 c5 2.Nf3 Nc6 3.Bb5 e6 4.O-O Nge7 5.Re1 a6 6.Bf1 d5 7.exd5 Nxd5 8.d4 Nf6
9.c3 Be7 10.dxc5 Qxd1 11.Rxd1 Bxc5 12.b4 Ba7 13.b5 axb5 14.Bxb5 Ne4 15.Nd4 Bd7
16.Be3 O-O-O 17.a4 e5 18.Nxc6 Bxc6 19.Na3 Bxe3 20.fxe3 Rxd1+ 21.Rxd1 Kc7
22.Bxc6 Kxc6 23.Nb5 Ra8 24.Ra1 Nc5 25.c4 Rxa4 26.Na7+ Kb6 27.Nc8+ Kc7 28.Rxa4 Nxa4
29.Ne7 Kd7 30.Nd5 Nb2 31.c5 Nd3 32.Nb6+ Kc6 33.Nc8 Kxc5  0-1

[Event "8th Teplice Open 2013"]
[Site "Teplice CZE"]
[Date "2013.06.21"]
[Round "7.23"]
[White "Weinzettl,E"]
[Black "Stastny,Pe"]
[Result "1-0"]
[WhiteElo "2297"]
[BlackElo "2085"]

1.e4 c5 2.Nf3 Nc6 3.Bb5 g6 4.Bxc6 dxc6 5.d3 Bg7 6.h3 Nf6 7.Be3 b6 8.Nc3 O-O
9.Qd2 Re8 10.O-O e5 11.Bh6 Qe7 12.Bxg7 Kxg7 13.Nh2 Be6 14.f4 exf4 15.Qxf4 Rad8
16.Qf2 Nd7 17.Qg3 Nf6 18.e5 Nh5 19.Qf2 f5 20.g4 fxg4 21.hxg4 Rf8 22.Qe3 Bxg4
23.Nxg4 Qh4 24.Nf6 Ng3 25.Kg2 Nxf1 26.Rxf1 c4 27.Rh1  1-0

[Event "13th IPCA World Championship"]
[Site "Velke Losiny CZE"]
[Date "2013.06.21"]
[Round "5.23"]
[White "Shchukina,Ekaterina"]
[Black "Klimes,Jan"]
[Result "1/2-1/2"]
[WhiteElo "1512"]
[BlackElo "1767"]

1.e4 c5 2.Nf3 Nc6 3.Bb5 e6 4.O-O a6 5.Bxc6 bxc6 6.e5 Ne7 7.d4 cxd4 8.Qxd4 Ng6
9.Bg5 Be7 10.Bxe7 Qxe7 11.Nc3 O-O 12.Ne4 Qd8 13.Rad1 Ne7 14.Nd6  1/2-1/2

[Event "17th Voronezh Master Open"]
[Site "Voronezh RUS"]
[Date "2013.06.21"]
[Round "9.5"]
[White "Dzhumaev,M"]
[Black "Fedorov,Alex"]
[Result "1-0"]
[WhiteElo "2553"]
[BlackElo "2592"]

1.e4 c5 2.Nf3 Nc6 3.Bb5 e6 4.O-O Nge7 5.Nc3 Nd4 6.Nxd4 cxd4 7.Ne2 a6 8.Bd3 Nc6
9.c3 Bc5 10.b4 Ba7 11.cxd4 Nxd4 12.Bb2 Nxe2+ 13.Qxe2 O-O 14.e5 d5 15.a4 g6
16.Qg4 Bd7 17.h4 h5 18.Qf4 Qe7 19.Ra3 Rfc8 20.Rb1 Rc7 21.Be2 Rac8 22.b5 Be8
23.Rb3 axb5 24.axb5 Bb6 25.d4 Ra8 26.Bxh5 Rc4 27.Be2 Rb4 28.Bc3 Rxb3 29.Rxb3 Ra4
30.h5 g5 31.Qd2 f5 32.g4 f4 33.Kg2 Qd8 34.Bb4 Qa8 35.Rb2 Qa7 36.Rc2 Qb8 37.Bc5 Bxc5
38.Rxc5 b6 39.Rc3 Ra7 40.Qc2 Kf8 41.Rc8  1-0

[Event "8th Teplice Open 2013"]
[Site "Teplice CZE"]
[Date "2013.06.22"]
[Round "8.8"]
[White "Burg,T"]
[Black "Kanovsky,D"]
[Result "1-0"]
[WhiteElo "2481"]
[BlackElo "2385"]

1.e4 c5 2.Nf3 Nc6 3.Bb5 g6 4.Bxc6 dxc6 5.d3 Bg7 6.h3 e5 7.Be3 Qe7 8.Qd2 Nf6
9.Nc3 Nd7 10.O-O Nf8 11.Bh6 f6 12.Ne2 Ne6 13.Bxg7 Qxg7 14.Nh2 g5 15.Kh1 Bd7
16.b4 Qe7 17.Rab1 O-O-O 18.bxc5 Qxc5 19.Nc3 Qa5 20.Ng4 Rhf8 21.Ne3 Nd4 22.Nc4 Qc7
23.Na4 c5 24.Nab6+ axb6 25.Nxb6+ Kb8 26.Qa5 Qc6 27.Rb2 f5 28.c3 Ne6 29.Rfb1 fxe4
30.c4 Nf4 31.Na8 Bc8 32.Rb6 Qd7 33.Ra6 Nxg2 34.Nc7 Qxh3+ 35.Kg1 Nh4 36.Ra8+  1-0

[Event "Gold Coast Open 2013"]
[Site "Gold Coast AUS"]
[Date "2013.06.23"]
[Round "2"]
[White "Lovejoy,D"]
[Black "McClymont,Brodie"]
[Result "0-1"]
[WhiteElo "1946"]
[BlackElo "2235"]

1.e4 c5 2.Nf3 Nc6 3.Bb5 g6 4.c3 Nf6 5.e5 Nd5 6.O-O Bg7 7.d4 cxd4 8.cxd4 O-O
9.Nc3 Nc7 10.Be2 d6 11.Bf4 dxe5 12.dxe5 Ne6 13.Bg3 Ned4 14.Nxd4 Nxd4 15.Bc4 Bf5
16.Nd5 Nc6 17.Re1 Be6 18.Ne3 Bxc4 19.Nxc4 b5 20.Na3 Qb6 21.Nc2 Rfd8 22.Qf3 Qc5
23.Qe4 Rac8 24.h3 Nxe5 25.Bxe5 Bxe5 26.Qxe5 Qxe5 27.Rxe5 Rxc2 28.Rxe7 Rdd2
29.Rf1 a5 30.Ra7 a4 31.b3 Rxa2 32.bxa4 Rxa4 33.Rb7 Rb4 34.Rc1 Rbb2 35.Rc8+ Kg7
36.Rcc7 Rxf2 37.Kh1 g5 38.Rc5 Rxg2 39.Rbxb5 Rh2+ 40.Kg1 Rbg2+ 41.Kf1 h6 42.Rc3 Ra2
43.Kg1 Rhd2 44.Rb1 Kg6  0-1

[Event "8th Teplice Open 2013"]
[Site "Teplice CZE"]
[Date "2013.06.23"]
[Round "9.33"]
[White "Gratze,M"]
[Black "Furman,Bo"]
[Result "1/2-1/2"]
[WhiteElo "2006"]
[BlackElo "2198"]

1.e4 c5 2.Nf3 Nc6 3.Bb5 g6 4.Bxc6 bxc6 5.O-O Bg7 6.d3 d6 7.h3 e5 8.Na3 Nf6
9.c3 O-O 10.Re1 Re8 11.Qa4 Qc7 12.Nc4 Rb8 13.Qa5 Qe7 14.d4 cxd4 15.cxd4 exd4
16.e5 dxe5 17.Ncxe5 Qb4 18.Qxa7 Rb7 19.Qxd4 Qxd4 20.Nxd4 Nd7 21.f4 Nxe5 22.fxe5 Bxe5
23.Nxc6 Bh2+ 24.Kf1 Rxe1+ 25.Kxe1 Bg3+ 26.Ke2 Rc7 27.Nd4 Ba6+ 28.Kf3 Be5
29.Be3  1/2-1/2

[Event "TCh-MNE Prem 2013"]
[Site "Cetinje MNE"]
[Date "2013.06.24"]
[Round "1.2"]
[White "Pikula,D"]
[Black "Radovanovic,D"]
[Result "1/2-1/2"]
[WhiteElo "2482"]
[BlackElo "2401"]

1.e4 c5 2.Nf3 Nc6 3.Bb5 d6 4.O-O Bd7 5.d4 cxd4 6.Nxd4 Nf6 7.Re1 Rc8 8.c4 e6
9.Nc3 Be7 10.Nf3 a6 11.Bxc6 Bxc6 12.a4 O-O 13.Bg5 Nxe4 14.Nxe4 Bxe4 15.Bxe7 Bxf3
16.Bxd8 Bxd1 17.Be7 Rfe8 18.Bxd6 Bb3 19.c5 a5 20.Re3 Bd5 21.Rd1 f6 22.f3 Kf7
23.Rc3 Red8  1/2-1/2

[Event "7th Varna Open 2013"]
[Site "Varna BUL"]
[Date "2013.06.24"]
[Round "6.11"]
[White "Raghavi,N"]
[Black "Filip,L"]
[Result "0-1"]
[WhiteElo "2113"]
[BlackElo "2458"]

1.e4 c5 2.Nf3 Nc6 3.Bb5 Nf6 4.Bxc6 dxc6 5.d3 Bg4 6.h3 Bh5 7.g4 Bg6 8.e5 Nd5
9.e6 f6 10.Qe2 Qd6 11.Nh4 Nc7 12.f4 Nxe6 13.Qf2 Bf7 14.Nc3 b6 15.Ng2 Nd4
16.Be3 Qd7 17.Ne4 h5 18.b4 hxg4 19.bxc5 e5 20.fxe5 fxe5 21.Nh4 Rxh4 22.c3 Nf3+
23.Ke2 gxh3 24.Ng3 e4 25.Nxe4 Rxe4 26.dxe4 Ne5 27.Qf5 Bc4+ 28.Ke1 Nd3+ 29.Kd2 Qxf5
30.exf5 O-O-O 31.Kc2 Nxc5 32.Bxc5 Bd3+ 33.Kb3 Bxc5 34.Rxh3 Bxf5 35.Rg3  0-1

[Event "Geneva Open A 2013"]
[Site "Geneva SUI"]
[Date "2013.06.25"]
[Round "2.5"]
[White "Cherniaev,A1"]
[Black "Colmenares,A"]
[Result "1-0"]
[WhiteElo "2447"]
[BlackElo "2214"]

1.Nf3 c5 2.e4 Nc6 3.Bb5 e6 4.O-O Nge7 5.c3 a6 6.Ba4 b5 7.Bc2 Bb7 8.a4 Ng6
9.axb5 axb5 10.Rxa8 Qxa8 11.h4 h5 12.d3 Be7 13.g3 Nge5 14.Nh2 d6 15.d4 Nd7
16.d5 exd5 17.exd5 Nce5 18.f4 Ng4 19.Nxg4 hxg4 20.c4 bxc4 21.Re1 Kf8 22.Nc3 Bf6
23.Nb5 Qb8 24.Qe2 g6 25.Qxg4 Bc8 26.Nc3 Ne5 27.fxe5 Bxg4 28.exf6 Rh5 29.Bg5 Qxb2
30.Rb1 Qxb1+ 31.Bxb1 Ke8 32.Bc2 Bf3 33.Kf2 Bh1 34.Bd1 Rh8 35.Kg1  1-0

[Event "V4 Liptov IM 2013"]
[Site "Liptovsky Mikulas SVK"]
[Date "2013.06.26"]
[Round "9.4"]
[White "Mazur,Ste"]
[Black "Pechac,Jergus"]
[Result "1-0"]
[WhiteElo "2387"]
[BlackElo "2182"]

1.e4 c5 2.Nf3 Nc6 3.Bb5 e5 4.O-O Bd6 5.a4 a6 6.Bc4 Nf6 7.Nc3 O-O 8.d3 Be7
9.Bd2 d6 10.h3 Nd4 11.Nxd4 cxd4 12.Nd5 Nxd5 13.Bxd5 Qc7 14.c4 Be6 15.f4 Bxd5
16.exd5 f5 17.fxe5 dxe5 18.b4 Qd7 19.Qb3 e4 20.c5 Kh8 21.Bf4 Rad8 22.d6 Bf6
23.Qd5 Rde8 24.b5 axb5 25.axb5 Qxb5 26.Qxf5 b6 27.d7 Rd8 28.Bd6 Rf7 29.dxe4 Qxd7
30.e5 bxc5 31.Qxd7 Rfxd7 32.exf6 Rxd6 33.f7 Rf6 34.Rae1  1-0

[Event "Mukachevo Summer"]
[Site "Mukachevo UKR"]
[Date "2013.06.27"]
[Round "4.2"]
[White "Andreev,Ed UKR"]
[Black "Klymchuk,Andriy"]
[Result "1/2-1/2"]
[WhiteElo "2498"]
[BlackElo "2328"]

1.e4 c5 2.Nf3 Nc6 3.Bb5 g6 4.Bxc6 bxc6 5.O-O Bg7 6.Re1 Nh6 7.h3 O-O 8.c3 f6
9.d4 cxd4 10.cxd4 Nf7 11.Nc3 d6 12.Be3 Rb8 13.b3 Qa5 14.Rc1 Bd7 15.Qe2 Qh5
16.Nd2 Qxe2 17.Rxe2 f5 18.exf5 gxf5 19.f4 Rfe8 20.Nf3 Nd8 21.Kf2 Rb4 22.Rd2 Kf8
23.Rg1 h5 24.Rc1 Rb7 25.Ne2 Kf7 26.Ng5+ Kg6 27.Rc4 Nf7 28.Nxf7 Kxf7 29.Ra4 Ra8
30.Rc2 a5 31.Rac4 Bf6 32.Nc3  1/2-1/2

[Event "7th Varna Open 2013"]
[Site "Varna BUL"]
[Date "2013.06.27"]
[Round "9.3"]
[White "Spasov,V"]
[Black "Dimitrov,R"]
[Result "1/2-1/2"]
[WhiteElo "2565"]
[BlackElo "2429"]

1.e4 c5 2.Nf3 Nc6 3.Bb5 e6 4.O-O Nge7 5.Re1 a6 6.Bf1 d5 7.exd5 Nxd5 8.d4 Nf6
9.Be3 Be7 10.c4 Ng4 11.d5 Nxe3 12.Rxe3 O-O 13.Nc3 exd5 14.cxd5 Na5 15.Ne4 Bd6
16.Nxd6 Qxd6 17.Ne5 f6 18.Qa4 b6 19.Nc6 Bd7 20.Rd1 Rfe8 21.Rxe8+ Rxe8 22.Bxa6 Nxc6
23.dxc6 Qxc6 24.Bc4+ Kf8 25.Qc2 Be6 26.h3  1/2-1/2

[Event "7th Varna Open 2013"]
[Site "Varna BUL"]
[Date "2013.06.27"]
[Round "9.7"]
[White "Shyam,SM"]
[Black "Bizovi,M"]
[Result "1-0"]
[WhiteElo "2502"]
[BlackElo "2137"]

1.e4 c5 2.Nf3 Nc6 3.Bb5 e6 4.O-O Nge7 5.b3 a6 6.Bxc6 Nxc6 7.Bb2 b5 8.c4 bxc4
9.bxc4 Rb8 10.Bc3 f6 11.Nh4 Qe7 12.f4 Qf7 13.Na3 Be7 14.f5 Nd4 15.Nc2 Nxc2
16.Qxc2 Qh5 17.g3 O-O 18.Rae1 Bb7 19.Ng2 Qf7 20.Qd3 Bc6 21.g4 Rb6 22.Nf4 e5
23.Nd5 Bxd5 24.exd5 Bd6 25.h4 Rfb8 26.Qe2 Bf8 27.g5 d6 28.Qg4 Kh8 29.Kh1 Be7
30.g6 Qg8 31.gxh7 Qxh7 32.h5 Bf8 33.Kg2 Qh6 34.Kh3 R6b7 35.Rg1 Ra8 36.Qh4 a5
37.Rg6 Qh7 38.h6 Rab8 39.Reg1 Rf7 40.Qg4 a4 41.Qd1 a3 42.Qg4 Rbb7 43.Rg3 Rb1
44.Kg2 Kg8 45.Rh3 Rc1 46.hxg7 Rxg7 47.Rxh7  1-0

[Event "TCh-MNE Prem 2013"]
[Site "Cetinje MNE"]
[Date "2013.06.28"]
[Round "5.4"]
[White "Kalezic,B"]
[Black "Miljanic,B"]
[Result "1-0"]
[WhiteElo "2418"]
[BlackElo "2392"]

1.e4 c5 2.Nf3 Nc6 3.Bb5 g6 4.Bxc6 bxc6 5.d3 Bg7 6.O-O d6 7.Nc3 e5 8.Ne1 Nf6
9.f4 exf4 10.Bxf4 Ng4 11.Nf3 Qe7 12.h3 Ne5 13.Nxe5 Bxe5 14.Bxe5 Qxe5 15.Qf3 Be6
16.Qf6 Qxf6 17.Rxf6 Ke7 18.Rf2 Rhf8 19.Re1 Kd7 20.e5 dxe5 21.Rxe5 c4 22.dxc4 Kc7
23.b3 Rad8 24.Kh2 Rfe8 25.Na4 Bf5 26.Ra5 Kb8 27.Nc5 h5 28.Ra4 h4 29.Rb4+ Ka8
30.Na6 Rc8 31.Rd2 Re7 32.Rd6 Be4 33.Rf6 Rd7 34.Nc5 Re7 35.Nxe4 Rxe4 36.Rxf7 Rd8
37.Ra4 Rd2 38.Raxa7+ Kb8 39.Rfb7+ Kc8 40.Rg7  1-0

[Event "4th ch-Vojvodina Int"]
[Site "Novi Sad SRB"]
[Date "2013.06.28"]
[Round "1.4"]
[White "Martinovic,Sl"]
[Black "Djukic,Djuro"]
[Result "1-0"]
[WhiteElo "2417"]
[BlackElo "1968"]

1.e4 c5 2.Nf3 Nc6 3.Bb5 Nf6 4.Qe2 a6 5.Bxc6 bxc6 6.O-O Qc7 7.e5 Nd5 8.d3 e6
9.c4 Ne7 10.Nc3 Ng6 11.b3 Be7 12.Bb2 O-O 13.Ne4 a5 14.Qe3 a4 15.Nxc5 axb3
16.axb3 Rxa1 17.Rxa1 f6 18.exf6 gxf6 19.d4 Nf4 20.b4 Kf7 21.Nd3 Ng6 22.Qh6 Kg8
23.Nh4 Nxh4 24.Qxh4 d6 25.Nf4 Rf7 26.Nh5 Qb7 27.Bc3 e5 28.c5 Bf5 29.cxd6 Bxd6
30.Nxf6+ Kh8 31.dxe5 Be7 32.Qc4 Bg6 33.Qg4 Bxf6 34.exf6 Qb8 35.h4 Qg8 36.h5 Bd3
37.Qg7+  1-0

[Event "4th ch-Vojvodina Int"]
[Site "Novi Sad SRB"]
[Date "2013.06.28"]
[Round "2.13"]
[White "Matovic,Mihajlo"]
[Black "Rogac,S"]
[Result "0-1"]
[WhiteElo "2068"]
[BlackElo "2322"]

1.e4 c5 2.Nf3 Nc6 3.Bb5 g6 4.O-O Bg7 5.Bxc6 bxc6 6.Re1 e5 7.b4 cxb4 8.a3 b3
9.cxb3 Ne7 10.Bb2 d6 11.d4 Qc7 12.Nbd2 O-O 13.dxe5 dxe5 14.Nc4 f6 15.Qd6 Qxd6
16.Nxd6 Be6 17.b4 Rab8 18.Nd2 c5 19.Bc3 cxb4 20.Bxb4 Nc6 21.Bc5 Rfd8 22.N6c4 Rd7
23.Rab1 Rbd8 24.Be3 Nd4 25.Rbc1 Bf8 26.f3 Rc8 27.Kf2 Rdc7 28.Bxd4 exd4 29.Nb3 Rxc4  0-1